[Event "ROM-ch U10"]
[Site "Calimanesti Caciulata"]
[Date "2019.04.19"]
[Round "6"]
[White "Roiu, Mihai Sebastian"]
[Black "Cruceru Uceanu, Tudor Mihai"]
[Result "0-1"]
[WhiteElo "1093"]
[BlackElo "1282"]
[PlyCount "80"]
[EventDate "2019.04.15"]
[EventType "swiss"]
[EventRounds "9"]
[EventCountry "ROU"]
[SourceTitle "CBM 190 Extra"]
[Source "ChessBase"]
[SourceDate "2019.07.15"]
[SourceVersion "1"]
[SourceVersionDate "2019.07.15"]
[SourceQuality "1"]

1. c4 e5 2. g3 Nf6 3. Bg2 Nc6 4. b3 Bc5 5. Bb2 d6 6. e3 0-0 7. Ne2 Bf5 8. 0-0 Qd7 9. Nbc3 Rfe8 10. d4 exd4 11. exd4 Bb6 12. Qd2 Re7 13. Rfe1 Rae8 14. d5 Ne5 15. Nf4 Neg4 16. Rf1 Ne5 17. Rad1 Bg4 18. Rc1 h6 19. Kh1 Ba5 20. Qc2 Bf5 21. Ne4 Nh7 22. Nh5 Kh8 23. f4 Ng4 24. h3 Bxe4 25. Bxe4 Rxe4 26. hxg4 f6 27. g5 Qh3+ 28. Qh2 Qxh2+ 29. Kxh2 Re2+ 30. Kh3 Rxb2 31. gxf6 Nxf6 32. Nxf6 gxf6 33. Rh1 Rxa2 34. Kg4 Kg7 35. Kf5 Rg2 36. Rh3 Rb2 37. Rch1 Rh8 38. Rh4 Rxb3 39. Rg4+ Kf7 40. Rg6 Bc3 0-1

[Event "ROM-ch U10"]
[Site "Calimanesti Caciulata"]
[Date "2019.04.16"]
[Round "2"]
[White "Grigore, Matei"]
[Black "Roiu, Mihai Sebastian"]
[Result "1-0"]
[WhiteElo "1292"]
[BlackElo "1093"]
[PlyCount "47"]
[EventDate "2019.04.15"]
[EventType "swiss"]
[EventRounds "9"]
[EventCountry "ROU"]
[SourceTitle "CBM 190 Extra"]
[Source "ChessBase"]
[SourceDate "2019.07.15"]
[SourceVersion "1"]
[SourceVersionDate "2019.07.15"]
[SourceQuality "1"]

1. d4 Nf6 2. c4 c5 3. d5 e6 4. Nc3 exd5 5. cxd5 g6 6. e4 d6 7. Bd3 Bg7 8. h3 0-0 9. Nge2 Nbd7 10. f4 a6 11. a4 b6 12. 0-0 Qc7 13. Be3 Re8 14. Ng3 c4 15. Bc2 Nc5 16. Bd4 Bd7 17. e5 dxe5 18. fxe5 Bf8 19. d6 Qb8 20. Rxf6 Bf5 21. Bxf5 Bg7 22. Be4 Nxe4 23. Ncxe4 Bxf6 24. Nxf6+ 1-0

[Event "ROM-ch U08"]
[Site "Baile Felix"]
[Date "2017.02.07"]
[Round "7"]
[White "Roiu, Mihai Sebastian"]
[Black "Ungureanu, Andrei"]
[Result "0-1"]
[WhiteElo "1078"]
[BlackElo "1001"]
[PlyCount "42"]
[EventDate "2017.02.02"]
[EventType "swiss"]
[EventRounds "9"]
[EventCountry "ROU"]
[SourceTitle "CBM 176 Extra"]
[Source "ChessBase"]
[SourceDate "2017.03.02"]
[SourceVersion "1"]
[SourceVersionDate "2017.03.02"]
[SourceQuality "1"]

1. e4 c5 2. Nf3 e6 3. c4 Nc6 4. Nc3 d6 5. d3 Be7 6. d4 cxd4 7. Nxd4 Nf6 8. Bd3 Nxd4 9. Be3 e5 10. Nd5 Nxd5 11. cxd5 0-0 12. 0-0 Bg5 13. Bxg5 Qxg5 14. Qc1 Qxc1 15. Raxc1 Bg4 16. Rfe1 Rac8 17. Rb1 Nc2 18. Rec1 Nd4 19. Rd1 Rc7 20. h3 Bd7 21. a3 Rd8 0-1